Fudge-a-mania / (Record no. 3245)

MARC details
000 -LEADER
fixed length control field 01126pam a2200361 a 4500
001 - CONTROL NUMBER
control field 3245
003 - CONTROL NUMBER IDENTIFIER
control field FISKH
005 - DATE AND TIME OF LATEST TRANSACTION
control field 20240221154103.0
008 - FIXED-LENGTH DATA ELEMENTS--GENERAL INFORMATION
fixed length control field 900518s1990 nyu j 000 1 eng
010 ## - LIBRARY OF CONGRESS CONTROL NUMBER
LC control number 90039627
020 ## - INTERNATIONAL STANDARD BOOK NUMBER
International Standard Book Number 0525446729 :
020 ## - INTERNATIONAL STANDARD BOOK NUMBER
International Standard Book Number 9780439559850
040 ## - CATALOGING SOURCE
Original cataloging agency DLC
Transcribing agency DLC
Modifying agency DLC
Language of cataloging eng
042 ## - AUTHENTICATION CODE
Authentication code lcac
050 00 - LIBRARY OF CONGRESS CALL NUMBER
Classification number PZ7.B6265
Item number Fu 1990
082 00 - DEWEY DECIMAL CLASSIFICATION NUMBER
Classification number [Fic]
Edition number 20
100 1# - MAIN ENTRY--PERSONAL NAME
Personal name Blume, Judy.
245 10 - TITLE STATEMENT
Title Fudge-a-mania /
Statement of responsibility, etc. Judy Blume.
250 ## - EDITION STATEMENT
Edition statement First Scholastic printing, November 2003
260 ## - PUBLICATION, DISTRIBUTION, ETC.
Place of publication, distribution, etc. New York :
Name of publisher, distributor, etc. Scholastic,
Date of publication, distribution, etc. 1990.
300 ## - PHYSICAL DESCRIPTION
Extent 146 pages :
Other physical details 20 cm
505 ## - FORMATTED CONTENTS NOTE
Formatted contents note J
520 ## - SUMMARY, ETC.
Summary, etc. Peter Hatcher describes his family's Maine vacation highlighted by the antics of his younger brother Fudge and the presence of his sworn enemy Sheila Tubman and her family.
521 8# - TARGET AUDIENCE NOTE
Target audience note 490<br/>
Source Lexile<br/>
521 8# - TARGET AUDIENCE NOTE
Target audience note J
Source Raz-Plus<br/>
650 #1 - SUBJECT ADDED ENTRY--TOPICAL TERM
Topical term or geographic name entry element Vacations
Form subdivision Fiction.
650 #1 - SUBJECT ADDED ENTRY--TOPICAL TERM
Topical term or geographic name entry element Siblings
Form subdivision Fiction.
650 #1 - SUBJECT ADDED ENTRY--TOPICAL TERM
Topical term or geographic name entry element Family life
Geographic subdivision Maine
Form subdivision Fiction.
650 #1 - SUBJECT ADDED ENTRY--TOPICAL TERM
Topical term or geographic name entry element Humorous stories.
651 #1 - SUBJECT ADDED ENTRY--GEOGRAPHIC NAME
Geographic name Maine
Form subdivision Fiction.
906 ## - LOCAL DATA ELEMENT F, LDF (RLIN)
a 7
b cbc
c orignew
d 1
e ocip
f 19
g y-gencatlg
942 ## - ADDED ENTRY ELEMENTS (KOHA)
Source of classification or shelving scheme Dewey Decimal Classification
Koha item type Books
Suppress in OPAC No
Holdings
Withdrawn status Lost status Source of classification or shelving scheme Damaged status Not for loan Collection Home library Current library Shelving location Date acquired Total Checkouts Full call number Barcode Date last seen Date last checked out Price effective from Koha item type
    Dewey Decimal Classification     Juvenile Fiction Footprints International School Library Network Toul Kork Campus Footprints International School Library Network Toul Kork Campus TK Primary Library Room(4th Floor), Bookcase 1&2, Shelves 1-16, Dark Blue Books 02/21/2024 2 BLU 813.54 PZ7.B6265 FISTK00597 01/29/2026 01/08/2026 02/21/2024 Books